000 00313nam a2200133Ia 4500
003 OSt
005 20240330120818.0
008 170523s9999 xx 000 0 und d
020 _a9789385965050
040 _cIIMT
100 _aSHARMA R C
245 0 _aBUSSINESS CORRESPONDENCE : REPORT WRITING
942 _2ddc
_c02
999 _c10341
_d10341